Latein-Vokabeln 2. Lektion - Statistiken

Allgemein
  • Dieses Quiz wurde 39 mal gespielt
  • Das Durchschnittsergebnis liegt bei 15 aus 25
Antwortstatistiken
Lateinischse Wort Deutsche Übersetzung % Korrekt
ibi dort / da
94%
sed aber / (je)doch / sondern
88%
salve! / salvete! sei gegrüßt! / seid gegrüßt! / hallo!
88%
nunc nun / jetzt
82%
salutare (be)grüßen
76%
tum da / dann / darauf / damals
76%
gaudere sich freuen
76%
familia (f) die Familie
73%
ridere lachen
73%
amicus (m) der Freund
70%
servus (m) / serva (f) der Sklave / die Sklavin / der Diener / die Dienerin
70%
nam denn
61%
iam schon / bereits
61%
atque / ac und / und auch
61%
apparere erscheinen / sich zeigen / offensichtlich sein
58%
certe sicher / bestimmt
58%
donum (n) das Geschenk / die Gabe
55%
equus (m) das Pferd
55%
apportare herbeitragen / (mit)bringen
52%
timere (sich) fürchten / Angst haben vor
52%
matrona (f) die (verheiratete) Frau
33%
cito schnell / rasch
27%
approinquare sich nähern / näher kommen
27%
properare eilen / sich beeilen
21%
procul von weitem / in die Ferne / weit weg
12%
Keine übereinstimmenden Quizze gefunden
Verteilung der Resultate
Anzahl Personen mit jedem Resultat
Perzentil nach korrekt beantworteten Fragen
Ihre Resultats-Entwicklung
Sie haben dieses Quiz noch nicht gespielt